000 00921nam a2200277Ia 4500
003 OSt
005 20221007122540.0
006 a|||||r|||| 00| 0
007 ta
008 221006b |||||||| |||| 00| 0 eng d
020 _a9780521733120 (pbk)
024 _a110686
037 _b3003, 05/08/2010, New India Book Agency
_cTextbook
040 _aPAPL
_cPAPL
_beng
041 _2eng
_aeng
082 _aB7, P6;3-;5 Carpa
100 _aGregory R Douglas
_9451423
245 0 _aClassical mechanics:an undergraduate text
260 _aCambridge
_bCambridge University Press
_c2006
300 _axii, 596p.
_ccm.
500 _aAppendix 564-575p.; Bibliography 589-590p.; Index 591-596p.
650 _a Classical mechanics
_9713742
650 _aPhysics
942 _hB7, P6;3-;5 Carpa
_cTB
_2CC
999 _c1210557
_d1210557